Fondo de las Artes, 2002 / 2022.
Zapisane w:
| Kolejni autorzy: | |
|---|---|
| Format: | Książka |
| Język: | hiszpański |
| Wydane: |
Valparaíso, Chile:
Universidad de Playa Ancha; Puntángeles,
2023.
|
| Hasła przedmiotowe: | |
| Etykiety: |
Dodaj etykietę
Nie ma etykietki, Dołącz pierwszą etykiete!
|
MARC
| LEADER | 00000nam a22000007a 4500 | ||
|---|---|---|---|
| 003 | CL-VaPUC | ||
| 005 | 20250407202436.0 | ||
| 008 | 250304t2023 ||||| |||| 00| 0 spa d | ||
| 999 | |c 447089 |d 447087 | ||
| 020 | |a 978-956-296-222-3 | ||
| 040 | |c Pontificia Universidad Católica de Valparaíso | ||
| 082 | |2 22 |a 708.983 MAD 2023 | ||
| 100 | |9 896285 |a Madrid, Alberto |e editor | ||
| 245 | |a Fondo de las Artes, 2002 / 2022. | ||
| 260 | |a Valparaíso, Chile: |b Universidad de Playa Ancha; |b Puntángeles, |c 2023. | ||
| 300 | |a 106 páginas: |b ilustraciones. | ||
| 500 | |a c.1: Instituto Arcos. 08-01-2025 | ||
| 583 | |c 20250304 |k Yessy Sthefany Diaz Vidal | ||
| 600 | 0 | |9 483661 |a Hermosilla, Carlos, |d 1905-1991 |x Donaciones artísticas |x Grabador chileno | |
| 610 | 0 | |9 477094 |a Universidad de Playa Ancha, |b Fondo de las Artes |v Historia, exibiciones, etc. | |
| 942 | |2 ddc |c BK |n 0 | ||
| 952 | |0 0 |1 0 |2 ddc |4 0 |6 708_983000000000000_MAD_2023 |7 0 |8 A |9 600543 |a BIBINC |b BIBINC |d 2025-03-04 |e Instituto Arcos |i 5665452 |o 708.983 MAD 2023 |p 5665452 |r 2025-03-04 |t 1 |w 2025-03-04 |y BK |k IFP | ||